Ekonomické problémy intenzifikácie využívania prírodných zdrojov a racionálneho hospodárenia s prírodným bohatstvom v podmienkach budovania ekonomiky rozvinutej socialistickej spoločnosti zborník z teoretického seminára EÚ SAV a Slov. ekon. spoloč. pri SAV, konaného 10.10.1979 v Bratislave
Guardado en:
| Formato: | Libro |
|---|---|
| Lenguaje: | eslovaco |
| Publicado: |
Ekonomický ústav SAV
1980
|
| Colección: | Výskumné práce 27
|
| Etiquetas: |
Sin Etiquetas, Sea el primero en etiquetar este registro!
|
MARC
| LEADER | 00000nam a2200000 4500 | ||
|---|---|---|---|
| 001 | 0221794 | ||
| 005 | 20240822101659.0 | ||
| 041 | 0 | |a slo | |
| 044 | |a SK | ||
| 245 | 1 | 0 | |a Ekonomické problémy intenzifikácie využívania prírodných zdrojov a racionálneho hospodárenia s prírodným bohatstvom v podmienkach budovania ekonomiky rozvinutej socialistickej spoločnosti |b zborník z teoretického seminára EÚ SAV a Slov. ekon. spoloč. pri SAV, konaného 10.10.1979 v Bratislave |
| 264 | 1 | |b Ekonomický ústav SAV |c 1980 | |
| 300 | |a 122 s. | ||
| 490 | 1 | |a Výskumné práce 27 | |
| 830 | 0 | |a Výskumné práce 27 | |